Бурение с динамичным управлением давления; Проблемы геологии и освоения недр; Т. 2

Détails bibliographiques
Parent link:Проблемы геологии и освоения недр: труды XVIII Международного симпозиума имени академика М. А. Усова студентов и молодых ученых, Томск, 7-11 апреля 2014 г./ Национальный исследовательский Томский политехнический университет (ТПУ), Институт природных ресурсов (ИПР) ; Общество инженеров-нефтяников, международная некоммерческая организация, Студенческий чаптер ; под ред. А. Ю. Дмитриева.— , 2014
Т. 2.— [С. 363-366]
Auteur principal: Пустовалов А. Л.
Collectivité auteur: Национальный исследовательский Томский политехнический университет (ТПУ) Институт природных ресурсов (ИПР) Кафедра бурения скважин (БС)
Autres auteurs: Максимова Ю. А. Юлия Анатольевна (научный руководитель)
Résumé:Заглавие с экрана
Langue:russe
Publié:
Collection:Современные технологии и техника бурения нефтяных и газовых скважин
Sujets:
Accès en ligne:http://earchive.tpu.ru/handle/11683/65648
http://www.lib.tpu.ru/fulltext/c/2014/C11/V2/164.pdf
Format: Électronique Chapitre de livre
KOHA link:https://koha.lib.tpu.ru/cgi-bin/koha/opac-detail.pl?biblionumber=608601

MARC

LEADER 00000naa2a2200000 4500
001 608601
005 20260408160833.0
035 |a (RuTPU)RU\TPU\conf\6035 
035 |a RU\TPU\conf\6033 
090 |a 608601 
100 |a 20141006d2014 k y0rusy50 ca 
101 0 |a rus 
102 |a RU 
135 |a drgn ---uucaa 
181 0 |a i  
182 0 |a b 
200 1 |a Бурение с динамичным управлением давления  |f А. Л. Пустовалов  |g науч. рук. Ю. А. Максимова 
203 |a Текст  |c электронный 
225 1 |a Современные технологии и техника бурения нефтяных и газовых скважин 
300 |a Заглавие с экрана 
320 |a [Библиогр.: с. 366 (3 назв.)] 
337 |a Adobe Reader 
461 1 |0 (RuTPU)RU\TPU\conf\5590  |t Проблемы геологии и освоения недр  |o труды XVIII Международного симпозиума имени академика М. А. Усова студентов и молодых ученых, Томск, 7-11 апреля 2014 г.  |o в 2 т.  |f Национальный исследовательский Томский политехнический университет (ТПУ), Институт природных ресурсов (ИПР) ; Общество инженеров-нефтяников, международная некоммерческая организация, Студенческий чаптер ; под ред. А. Ю. Дмитриева  |d 2014 
463 1 |0 (RuTPU)RU\TPU\conf\5595  |t Т. 2  |v [С. 363-366] 
610 1 |a труды учёных ТПУ 
610 1 |a электронный ресурс 
610 1 |a бурение 
610 1 |a динамическое управление 
610 1 |a давление 
610 1 |a буровые растворы 
700 1 |a Пустовалов  |b А. Л. 
702 1 |a Максимова  |b Ю. А.  |c специалист в области нефтепромыслового оборудования  |c ассистент кафедры Томского политехнического университета  |f 1979-  |g Юлия Анатольевна  |4 727 
712 0 2 |a Национальный исследовательский Томский политехнический университет (ТПУ)  |b Институт природных ресурсов (ИПР)  |b Кафедра бурения скважин (БС)  |3 (RuTPU)RU\TPU\col\18666 
801 2 |a RU  |b 63413507  |c 20210916  |g RCR 
856 4 |u http://earchive.tpu.ru/handle/11683/65648 
856 4 |u http://www.lib.tpu.ru/fulltext/c/2014/C11/V2/164.pdf 
942 |c BK